Geography @ University Making the Most of Your Geography Degree and Courses

Salvato in:
Dettagli Bibliografici
Autore principale: Clark, Gordon
Altri autori: Wareham, Terry
Natura: Libro
Lingua:inglese
Pubblicazione: London SAGE Publications 2003
Edizione:1st Edition
Serie:SAGE Study Skills
Soggetti:
Tags: Aggiungi Tag
Nessun Tag, puoi essere il primo ad aggiungerne!!

MARC

LEADER 00000nam a2200000 4500
001 0272077
005 20240315121728.0
020 |a 978-0-7619-4026-5 
041 0 |a eng 
044 |a GB 
245 1 0 |a Geography @ University  |b Making the Most of Your Geography Degree and Courses  |c Gordon Clark and Terry Wareham 
250 |a 1st Edition 
264 1 |a London  |b SAGE Publications  |c 2003 
300 |a 204 s. 
490 1 |a SAGE Study Skills 
830 0 |a SAGE Study Skills 
610 2 0 |a vzdelanie vysokoškolské 
610 2 0 |a univerzity 
610 2 0 |a poradenstvo profesionálne 
610 2 0 |a programy študijné 
610 2 0 |a študenti 
610 2 0 |a kurzy 
610 2 0 |a semináre 
610 2 0 |a projekty 
610 2 0 |a práce kvalifikačné 
610 2 0 |a zručnosti 
610 2 0 |a príprava na povolanie 
610 2 0 |a geografia 
100 1 |a Clark, Gordon 
700 1 |a Wareham, Terry